000 00575nam a2200217Ia 4500
003 OSt
005 20220928142747.0
006 a|||||r|||| 00| 0
007 ta
008 220927b |||||||| |||| 00| 0 eng d
024 _a20035
037 _cTextual
040 _aSDCL
_cSDCL
_beng
041 _2eng
_aeng
082 _aP1520vP164, 152L0
100 _aTiwari Mohan Lal
_9503830
245 0 _aHindi Bhasha Farsi aur Angregi ka prabhav.
260 _c1970
942 _hP1520vP164, 152L0
_cTEXL
_2CC
999 _c822175
_d822175